|
|
|
|
| LEADER |
00000nab a2200000 a 4500 |
| 001 |
vtls010312663 |
| 003 |
SK-MaSNL |
| 005 |
20260304160809.0 |
| 008 |
250507|2010 xo |r||||||||||00 b|slo |
| 015 |
|
|
|a SNBRB2011/01
|2 snkbucl
|
| 035 |
|
|
|a (uuid)c8df9b22-15b2-4f17-adb4-035c9f70b8a4
|
| 035 |
|
|
|a urn:nbn:sk:snk-abc76k
|
| 035 |
|
|
|a (urnnbn)urn:nbn:sk:snk:ar-000phc
|
| 038 |
|
|
|a SNKBUCL
|
| 040 |
|
|
|a SNKBUCL
|b slo
|c SNKBUCL
|e AACR2
|
| 041 |
0 |
|
|a slo
|
| 044 |
|
|
|a xo
|c SK
|
| 080 |
|
|
|a 004.738.5:316.472.4
|2 2001
|
| 080 |
|
|
|a 024.5/.6
|2 2001
|
| 080 |
|
|
|a 316.472.4
|2 2001
|
| 100 |
1 |
|
|a Krajčírová, Denisa
|4 aut
|9 1483863
|
| 245 |
1 |
0 |
|a Facebook ako súčasť služieb knižnice
|c Denisa Krajčírová, Iveta Ollerová
|
| 504 |
|
|
|a Bibliogr. odkazy
|
| 650 |
0 |
7 |
|a knižnice
|2 snkbucl
|9 17965
|
| 650 |
0 |
7 |
|a knižničné služby
|2 snkbucl
|9 64475
|
| 650 |
0 |
7 |
|a Facebook (sociálna sieť)
|2 snkbucl
|9 131292
|
| 650 |
0 |
7 |
|a sociálne siete
|2 snkbucl
|9 71323
|
| 655 |
|
7 |
|a prehľady
|2 snkbucl
|9 70194
|
| 700 |
1 |
|
|a Ollerová, Iveta
|4 aut
|9 1482288
|
| 773 |
0 |
|
|t Knižnica
|g Roč. 11, č. 11-12 (2010), s. 45-46
|x 1335-7026
|
| 850 |
|
|
|a Slovenská národná knižnica
|
| 852 |
|
|
|a Slovenská národná knižnica
|
| 856 |
4 |
1 |
|u http://www.snk.sk/images/snk/casopis_kniznica/2010/november_december/45.pdf
|
| 954 |
|
|
|a odborná, vedecká literatúra pôvodná (slovenská)
|2 lita
|
| 958 |
|
|
|a article15
|
| 958 |
|
|
|a OND
|
| 958 |
|
|
|a KL
|
| 958 |
|
|
|a NB
|
| 958 |
|
|
|a EUIPO
|
| 999 |
|
|
|c 2968942
|d 2970872
|